Paesi che producono più carne d'agnello - Statistics

Statistiche generali
  • Questo quiz è stato fatto 52 volte
  • Il punteggio medio è 12 su 20
Statistiche sulle risposte
1000 tonnellate nazione % Corretto
2384 Cina
89%
203 Russia
85%
235 India
80%
670 Australia
76%
172 Pakistan
74%
291 Iran
72%
163 Marocco
72%
269 Algeria
65%
127 Mongolia
65%
333 Turchia
65%
151 Kazakistan
63%
129 Turkmenistan
59%
451 Nuova Zelanda
57%
229 Uzbekistan
52%
153 Siria
48%
156 Sudafrica
46%
298 Regno Unito
43%
256 Sudan
39%
149 Nigeria
37%
151 Ciad
22%
Nessun quiz corrispondente trovato
Distribuzione punteggi
Percentuale di utenti per punteggio
Percentile per numero di risposta
I tuoi punteggi nel tempo
Non hai fatto questo quiz